00293pam a2200121 a 4500020000500000041000800005082001500013100002400028245006300052250001000115260003300125300001300158 c aeng a575.1bFAK aFakoner ,eMackay , aInteroduction To Quantitative Genetics hTextual Documents a2010. aNew DelhibPearson Education a464 pg .